00628nam a2200193Ia 4500008004100000020001700041082001400058100002300072245002200095250000800117260003300125300002900158500001900187600002700206650005000233942000700283952012700290999001700417240925s9999 xx 000 0 und d a978012374137 a004.6 PET aPeterson ,Larry L. 0aComputer Networks a4th aAmsterdam:bElsevierc,2007. aix,352p.bN.AfPhotocopy aIncludes Index aEngineering Technology aComputer science, information & general works cBK 001040708ETaUITUbUITUd2011-10-14eFair Book Centerg865.00l0o004.6 PETpQ8983r2024-09-25 07:15:09w2024-09-25yBK c11482d11482